| 000 | 00660nam a2200217Ia 4500 | ||
|---|---|---|---|
| 001 | 12487 | ||
| 003 | GE_BSU | ||
| 008 | 181216s||||||||xx |||||||||||||| ||und|| | ||
| 040 | _cGE_BSU | ||
| 080 | _a634.1(075.32) | ||
| 100 | _aФулга,И.Г. | ||
| 245 | _aОсновы виноградарства и плодоводства | ||
| 245 | _bУч-к для техник.пищевой промышл. | ||
| 245 | _cРед.И.А.Курзина | ||
| 260 | _aМосква | ||
| 260 | _bКолос | ||
| 260 | _c1978 | ||
| 300 | _a309стр.21см.илл. | ||
| 653 | _aОсновы виноградарства и плодоводства | ||
| 942 | _cBK | ||
| 999 |
_c45661 _d45661 |
||